000
00455nam a2200145Ia 4500
008
100204s9999 xx 000 0 und d
082
_b
12391
100
_a
वर्तक उषा
245
_a
चटकदार गोष्टी
260
_b
"शकुन प्रकाशन , पुणे 30"
_c
1989
300
_a
79
630
_a
चटकदार गोष्टी
730
_a
चटकदार गोष्टी
942
_c
BOOK
999
_c
456824
_d
456821